| 000 | 00552nam a2200193Ia 4500 | ||
|---|---|---|---|
| 005 | 20250423101029.0 | ||
| 008 | 250422s9999 xx 000 0 und d | ||
| 020 | _a9780273751359 | ||
| 050 | _aTA 684 M33/ | ||
| 100 | _aMcCormac, Jack C. | ||
| 245 | 0 | _aStructural steel design | |
| 250 | _a5th ed [International edition / contribtuions by Manojkumar V. Chitawadagi | ||
| 260 | _aBoston | ||
| 260 | _bPearson | ||
| 260 | _c2012 | ||
| 300 | _a736 p | ||
| 650 | _aBuilding, Iron and steel _ Textbooks Steel Structural _ Textbooks | ||
| 942 | _cBK | ||
| 999 |
_c35071 _d35071 |
||